| 000 | 00442nam a2200181Ia 4500 | ||
|---|---|---|---|
| 008 | 240925s9999 xx 000 0 und d | ||
| 020 | _a192821946 | ||
| 082 | _a871.01 MEL | ||
| 100 | _aMelville, A.D. | ||
| 245 | 4 | _aThe Love Poems | |
| 250 | _aNA | ||
| 260 |
_aOxford: _bOxford University _c,1990. |
||
| 300 |
_aviii,532p. _bNA _fOriginal |
||
| 500 | _aNA | ||
| 600 | _aHumanities & Natural Science | ||
| 650 | _aLiterature | ||
| 942 | _cBK | ||
| 999 |
_c2878 _d2878 |
||